000 00493nam a22001697a 4500
005 20130802111930.0
010 _aENG-108208
020 _c1000.00
_a9789381523629
035 _aEN-91741
037 _bDBAD/PUB
100 _aDas, Sipra
245 _aThe light within :
_cby Sipra Das
_ba different vision of life /
260 _aNew Delhi
_bNiyogi Books
_c2013
270 _aD-78, Okhla Industrial Area, Phase-1
_bNew Delhi
_e110020
300 _a203p. :
_c25cm(Hb)
_bill.
942 _2ddc
_cEN
_mDAS
999 _c78280
_d78280